Lilo & Stitch Experiment By Image (600-699) - Statistics

General Stats
  • This quiz has been taken 127 times
  • The average score is 11 of 17
Answer Stats
Picture Hint Answer % Correct
Experiment 626 Stitch
100%
Experiment 624 Angel
92%
Experiment 629 Leroy
77%
Experiment 625 Reuben
77%
Experiment 601 Kixx
69%
Experiment 608 Slugger
68%
Experiment 609 Heat
63%
Experiment 604 Houdini
63%
Experiment 619 Splodyhead
62%
Experiment 602 Sinker
60%
Experiment 600 Woops
57%
Experiment 603 Zap
57%
Experiment 617 Plasmoid
55%
Experiment 613 Yaarp
55%
Experiment 606 Holio
54%
Experiment 610 Witch
40%
Experiment 621 Chopsuey
34%
No matching quizzes found
Score Distribution
Percent of People with Each Score
Percentile by Number Answered
Your Score History
You have not taken this quiz